Concise spanish dictionary: spanish-english english-spanish

保存先:
書誌詳細
フォーマット: 図書
言語:英語
スペイン語
出版事項: Bogotá Larousse 1999
版:1a. ed
主題:
タグ: タグ追加
タグなし, このレコードへの初めてのタグを付けませんか!

MARC

LEADER 00000nam a2200000 a 4500
001 UCH8302
003 CL-VaPUC
008 091127e19990000ck |||||||||||||||||eng|d
020 |a 9706077111 
041 0 7 |a eng  |2 CL-VaPUC 
041 0 7 |a spa  |2 CL-VaPUC 
082 0 4 |a 423.61  |b CON  |2 21 
245 1 0 |a Concise spanish dictionary: spanish-english english-spanish 
250 |a 1a. ed 
300 |a 510 p 
942 |c BK 
945 |d 20091127 00:00:00  |a lazolas 
260 |a Bogotá  |b Larousse  |c 1999 
650 0 |a Lingüística  |9 265068 
650 0 |a Lengua inglesa  |9 318842 
650 0 |a Idioma español  |9 309143 
650 0 |a Diccionarios  |9 256200 
583 |a last modification  |c 20171120 02:34:18  |k Rodrigo Vera 
999 |c 338529  |d 338527